[Event "Oberliga Sued W 1718"]
[Site "Germany"]
[Date "2017.09.10"]
[Round "1.4"]
[White "Karsay, Pascal"]
[Black "Paci, Cedric"]
[Result "1/2-1/2"]
[WhiteElo "2131"]
[BlackElo "2289"]
[PlyCount "57"]
[EventDate "2017.09.10"]
[EventType "team-tourn"]
[EventRounds "11"]
[EventCountry "GER"]
[SourceTitle "EXT 2019"]
[Source "ChessBase"]
[SourceDate "2018.10.10"]
[SourceVersion "1"]
[SourceVersionDate "2018.10.10"]
[SourceQuality "1"]
[WhiteTeam "Gau Algesheim"]
[BlackTeam "Saarbruecken SVG"]
[WhiteTeamCountry "GER"]
[BlackTeamCountry "GER"]

1. e4 e6 2. d4 d5 3. Nc3 Nf6 4. e5 Nfd7 5. f4 c5 6. Nf3 Nc6 7. Be3 a6 8. Qd2 b5 9. a3 Qb6 10. dxc5 Bxc5 11. Bxc5 Nxc5 12. Bd3 Bd7 13. Qf2 b4 14. axb4 Nxb4 15. 0-0 Rb8 16. Rad1 Na4 17. Nxa4 Bxa4 18. Rd2 Qxf2+ 19. Kxf2 Bb5 20. Nd4 Nxd3+ 21. cxd3 g6 22. Ke3 Kd7 23. Rc1 Rhc8 24. Rdd1 h5 25. g3 Bc6 26. Nxc6 Rxc6 27. Rxc6 Kxc6 28. Rc1+ Kd7 29. Rc2 1/2-1/2

[Event "Luxembourg-chT 1314"]
[Site "Luxembourg"]
[Date "2014.02.09"]
[Round "7"]
[White "Aghabekian, Liana"]
[Black "Paci, Cedric"]
[Result "0-1"]
[WhiteElo "2174"]
[BlackElo "2334"]
[PlyCount "53"]
[EventDate "2013.10.05"]
[EventType "team-tourn"]
[EventRounds "10"]
[EventCountry "LUX"]
[SourceTitle "EXT 2017"]
[Source "ChessBase"]
[SourceDate "2016.10.25"]
[SourceVersion "1"]
[SourceVersionDate "2016.10.25"]
[SourceQuality "1"]

1. e4 c5 2. Nf3 Nc6 3. d4 cxd4 4. Nxd4 g6 5. c4 Bg7 6. Be3 Nf6 7. Nc3 0-0 8. Be2 d6 9. 0-0 Bd7 10. Nc2 Ne5 11. f3 Rc8 12. b3 a6 13. Qd2 b5 14. cxb5 Qa5 15. Bd4 Bxb5 16. b4 Qc7 17. Ne3 Bxe2 18. Nxe2 Nc6 19. Bc3 Qa7 20. Kh1 Bh6 21. Nd4 Ne5 22. f4 Nxe4 23. Qe1 Nxc3 24. Ndf5 gxf5 25. Nxf5 Bg7 26. fxe5 Bxe5 27. Qh4 0-1

[Event "FRA-chT Top 12"]
[Site "Haguenau"]
[Date "2013.06.03"]
[Round "5.6"]
[White "Paci, Cedric"]
[Black "Sochacki, Christophe"]
[Result "1-0"]
[WhiteElo "2326"]
[BlackElo "2414"]
[PlyCount "93"]
[EventDate "2013.05.30"]
[EventType "team-tourn"]
[EventRounds "11"]
[EventCountry "FRA"]
[SourceTitle "CBM 154 Extra"]
[Source "ChessBase"]
[SourceDate "2013.06.25"]
[SourceVersion "2"]
[SourceVersionDate "2013.06.25"]
[SourceQuality "1"]
[WhiteTeam "Vandoeuvre"]
[BlackTeam "Evry Grand Roque"]
[WhiteTeamCountry "FRA"]
[BlackTeamCountry "FRA"]

1. Nf3 g6 2. c4 Bg7 3. d4 c5 4. g3 cxd4 5. Nxd4 Nc6 6. Nc2 h5 7. h4 d6 8. Bg2 Nf6 9. Nc3 0-0 10. Bg5 Be6 11. Nd5 Nh7 12. Bc1 Rb8 13. 0-0 Qd7 14. Rb1 b5 15. cxb5 Rxb5 16. b4 a6 17. a4 Rbb8 18. Be3 Nf6 19. Nb6 Qc7 20. a5 Ng4 21. Rc1 d5 22. Bf4 Be5 23. Nd4 Bd7 24. Nxd7 Bxf4 25. Rxc6 Qxd7 26. gxf4 Rxb4 27. Rxa6 e5 28. fxe5 Nxe5 29. e3 Qe7 30. Nf3 Rg4 31. Qxd5 Nc4 32. Ra8 Rxa8 33. Qxa8+ Kg7 34. Qd5 Kg8 35. a6 Nxe3 36. fxe3 Qxe3+ 37. Kh1 Qe2 38. Rg1 Qxa6 39. Bh3 Rxg1+ 40. Kxg1 Qb6+ 41. Kg2 Kg7 42. Bd7 f6 43. Bb5 Qe3 44. Bc4 Kh6 45. Qg8 g5 46. hxg5+ fxg5 47. Qf8+ 1-0

[Event "Mulhouse"]
[Site "Mulhouse"]
[Date "2012.07.05"]
[Round "5"]
[White "Wyss, Jonas"]
[Black "Paci, Cedric"]
[Result "0-1"]
[WhiteElo "2249"]
[BlackElo "2379"]
[PlyCount "80"]
[EventDate "2012.07.02"]
[EventType "tourn"]
[EventRounds "9"]
[EventCountry "FRA"]
[EventCategory "5"]
[SourceTitle "CBM 149 Extra"]
[Source "ChessBase"]
[SourceDate "2012.08.24"]
[SourceVersion "1"]
[SourceVersionDate "2012.08.24"]
[SourceQuality "1"]

1. c4 e6 2. g3 f5 3. d4 Nf6 4. Nf3 Be7 5. Bg2 0-0 6. 0-0 d6 7. Nc3 Ne4 8. Qc2 Nxc3 9. bxc3 Nc6 10. d5 Na5 11. dxe6 Bxe6 12. Nd4 Bxc4 13. Nxf5 Bf6 14. Ne3 Bf7 15. Nd5 c6 16. Nxf6+ Qxf6 17. Be3 c5 18. Rad1 Rad8 19. Bf4 b6 20. Bd5 Nc4 21. Qb3 Ne5 22. Bxf7+ Rxf7 23. Qd5 Re8 24. Bxe5 Rxe5 25. Qa8+ Rf8 26. Qxa7 Rxe2 27. Qxb6 Rxf2 28. Qb3+ Kh8 29. Rxf2 Qxf2+ 30. Kh1 c4 31. Qb7 Qc2 32. Qd5 h6 33. Rd2 Qxc3 34. Kg2 Qe3 35. Qxd6 Qf3+ 36. Kh3 Rf5 37. Qb8+ Kh7 38. Qb1 c3 39. Rd8 Qh5+ 40. Kg2 Qe2+ 0-1

[Event "Mulhouse"]
[Site "Mulhouse"]
[Date "2012.07.03"]
[Round "2"]
[White "Lerch, Patrice"]
[Black "Paci, Cedric"]
[Result "1-0"]
[WhiteElo "2385"]
[BlackElo "2379"]
[PlyCount "35"]
[EventDate "2012.07.02"]
[EventType "tourn"]
[EventRounds "9"]
[EventCountry "FRA"]
[EventCategory "5"]
[SourceTitle "CBM 149 Extra"]
[Source "ChessBase"]
[SourceDate "2012.08.24"]
[SourceVersion "1"]
[SourceVersionDate "2012.08.24"]
[SourceQuality "1"]

1. c4 b6 2. e4 Bb7 3. Nc3 e6 4. Nge2 Nf6 5. e5 Ng4 6. d4 Qh4 7. Ng3 c5 8. h3 Nh6 9. d5 f6 10. Nge4 f5 11. Bg5 Qxe4+ 12. Nxe4 fxe4 13. g4 Nf7 14. Bf4 Be7 15. Bg2 0-0 16. Bxe4 Ng5 17. Bxg5 Bxg5 18. Qd3 1-0

[Event "Mulhouse"]
[Site "Mulhouse"]
[Date "2012.07.03"]
[Round "3"]
[White "Paci, Cedric"]
[Black "Bellahcene, Bilel"]
[Result "1/2-1/2"]
[WhiteElo "2379"]
[BlackElo "2347"]
[PlyCount "50"]
[EventDate "2012.07.02"]
[EventType "tourn"]
[EventRounds "9"]
[EventCountry "FRA"]
[EventCategory "5"]
[SourceTitle "CBM 149 Extra"]
[Source "ChessBase"]
[SourceDate "2012.08.24"]
[SourceVersion "1"]
[SourceVersionDate "2012.08.24"]
[SourceQuality "1"]

1. Nf3 Nf6 2. c4 e6 3. g3 b6 4. Bg2 Bb7 5. 0-0 Be7 6. d4 0-0 7. d5 exd5 8. Nh4 c6 9. cxd5 Nxd5 10. Nf5 Nc7 11. e4 d5 12. Re1 Ne6 13. exd5 cxd5 14. Nc3 Na6 15. Nxd5 Bxd5 16. Bxd5 Bb4 17. Rxe6 fxe6 18. Qg4 Qf6 19. Bxa8 Rxa8 20. Nd4 Bc5 21. Be3 Nc7 22. Re1 Re8 23. b3 Nd5 24. Nc2 Nxe3 25. Nxe3 Re7 1/2-1/2

[Event "FRA Cup"]
[Site "Bois Colombes"]
[Date "2012.05.19"]
[Round "1"]
[White "Paci, Cedric"]
[Black "Guezennec, Franck"]
[Result "1-0"]
[WhiteElo "2379"]
[BlackElo "2177"]
[PlyCount "77"]
[EventDate "2012.05.19"]
[EventType "team-match"]
[EventRounds "3"]
[EventCountry "FRA"]
[SourceTitle "EXT 2013"]
[Source "ChessBase"]
[SourceDate "2012.11.22"]
[SourceVersion "1"]
[SourceVersionDate "2012.11.22"]
[SourceQuality "1"]
[WhiteTeam "Vandoeuvre"]
[BlackTeam "Rennes"]
[WhiteTeamCountry "FRA"]
[BlackTeamCountry "FRA"]

1. Nf3 g6 2. c4 Bg7 3. d4 c5 4. g3 cxd4 5. Nxd4 Nc6 6. Nc2 Nf6 7. Bg2 0-0 8. 0-0 d6 9. Nc3 Qa5 10. Bd2 Qh5 11. e4 Bg4 12. f3 Be6 13. Nd5 Bxd5 14. cxd5 Ne5 15. Ne3 Ned7 16. Rc1 Rfc8 17. Rc2 Nb6 18. a4 Rxc2 19. Qxc2 Rc8 20. Qb3 Nbd7 21. Qxb7 Rb8 22. Qxa7 Rxb2 23. Nc4 Ra2 24. Qa8+ Nf8 25. a5 N6d7 26. Be3 Bh6 27. Bf2 Bg7 28. a6 Qh6 29. Be3 Qxe3+ 30. Nxe3 Bd4 31. Re1 Nc5 32. Bf1 Ra3 33. Kf2 Ra2+ 34. Kg1 Ra3 35. Kg2 Bxe3 36. Rxe3 Rxe3 37. a7 Ra3 38. Qb8 Ncd7 39. a8Q 1-0

[Event "BEL-chT 1112"]
[Site "Belgium"]
[Date "2011.11.06"]
[Round "3.7"]
[White "Paci, Cedric"]
[Black "Coenen, Norbert"]
[Result "1-0"]
[WhiteElo "2376"]
[BlackElo "2345"]
[PlyCount "53"]
[EventDate "2011.10.09"]
[EventType "team-tourn"]
[EventRounds "11"]
[EventCountry "BEL"]
[SourceTitle "EXT 2012"]
[Source "ChessBase"]
[SourceDate "2011.11.24"]
[SourceVersion "1"]
[SourceVersionDate "2011.11.24"]
[SourceQuality "1"]
[WhiteTeam "Fontaine"]
[BlackTeam "Eynatten II"]
[WhiteTeamCountry "BEL"]
[BlackTeamCountry "BEL"]

1. Nf3 c5 2. c4 Nf6 3. Nc3 d5 4. cxd5 Nxd5 5. g3 Nc6 6. Bg2 Nc7 7. 0-0 e5 8. d3 Be7 9. Nd2 Bd7 10. a4 Rc8 11. Nc4 f6 12. f4 exf4 13. Bxf4 b6 14. Nd6+ Bxd6 15. Bxd6 Nd4 16. e4 Be6 17. e5 f5 18. Ne2 Nxe2+ 19. Qxe2 Qd7 20. d4 cxd4 21. Rad1 Kf7 22. Qh5+ g6 23. Qh6 d3 24. Rxd3 Bc4 25. Bf8 Bxd3 26. Qg7+ Ke8 27. Bc6 1-0

[Event "FRA-chT Top 12"]
[Site "Mulhouse"]
[Date "2011.06.01"]
[Round "7.7"]
[White "Paci, Cedric"]
[Black "San Emeterio Cabanes, Jose Luis"]
[Result "1/2-1/2"]
[WhiteElo "2389"]
[BlackElo "2398"]
[PlyCount "101"]
[EventDate "2011.05.26"]
[EventType "team-tourn"]
[EventRounds "11"]
[EventCountry "FRA"]
[SourceTitle "CBM 142 Extra"]
[Source "ChessBase"]
[SourceDate "2011.06.27"]
[SourceVersion "1"]
[SourceVersionDate "2011.06.27"]
[SourceQuality "1"]
[WhiteTeam "Vandoeuvre"]
[BlackTeam "Lutece"]
[WhiteTeamCountry "FRA"]
[BlackTeamCountry "FRA"]

1. e4 c5 2. Nf3 g6 3. c3 Bg7 4. d4 cxd4 5. cxd4 d5 6. e5 Nc6 7. h3 Nh6 8. Bb5 0-0 9. 0-0 f6 10. Nc3 Nf7 11. exf6 Bxf6 12. Re1 Qd6 13. Be3 a6 14. Ba4 Na5 15. Bb3 Nc4 16. Qc1 b5 17. Bf4 Qc6 18. a4 Bd7 19. Ne5 Nfxe5 20. Bxe5 Rac8 21. axb5 axb5 22. Ra7 Bxe5 23. dxe5 e6 24. Bxc4 bxc4 25. Qe3 Rb8 26. Qd4 Rf7 27. Rea1 Qb6 28. Qh4 Rbf8 29. Nd1 Qb4 30. Ne3 Qxb2 31. Ng4 Kh8 32. Re1 Qd2 33. Rf1 c3 34. Nf6 c2 35. Rc7 h5 36. Kh2 Bb5 37. Rxf7 Rxf7 38. Ra1 Qh6 39. Qb4 Rf8 40. f4 Bc4 41. g3 g5 42. fxg5 Qg7 43. Qd2 Qg6 44. Ra7 Bd3 45. Qb4 Rxf6 46. exf6 c1Q 47. Qf8+ Qg8 48. Qh6+ Bh7 49. Rxh7+ Qxh7 50. Qf8+ Qg8 51. Qh6+ 1/2-1/2

[Event "FRA-chT Top 12"]
[Site "Mulhouse"]
[Date "2011.05.27"]
[Round "2.4"]
[White "Paci, Cedric"]
[Black "Delchev, Aleksander"]
[Result "1/2-1/2"]
[WhiteElo "2389"]
[BlackElo "2619"]
[PlyCount "51"]
[EventDate "2011.05.26"]
[EventType "team-tourn"]
[EventRounds "11"]
[EventCountry "FRA"]
[SourceTitle "CBM 142 Extra"]
[Source "ChessBase"]
[SourceDate "2011.06.27"]
[SourceVersion "1"]
[SourceVersionDate "2011.06.27"]
[SourceQuality "1"]
[WhiteTeam "Vandoeuvre"]
[BlackTeam "Marseille Echecs"]
[WhiteTeamCountry "FRA"]
[BlackTeamCountry "FRA"]

1. d4 Nf6 2. Bg5 Ne4 3. Bf4 c5 4. f3 Qa5+ 5. c3 Nf6 6. Nd2 cxd4 7. Nb3 Qf5 8. Bxb8 Rxb8 9. Qxd4 b6 10. e4 Qf4 11. Nh3 Qc7 12. e5 Ng8 13. Ng5 f6 14. exf6 gxf6 15. Ne4 Qe5 16. 0-0-0 Qxd4 17. Nxd4 Kf7 18. Nb5 a6 19. Bc4+ Kg6 20. Na7 Bb7 21. Rxd7 f5 22. Ng3 Nf6 23. Rc7 Ne8 24. Rd7 Nf6 25. Rc7 Ne8 26. Rd7 1/2-1/2

[Event "Oberliga Sued W 1011"]
[Site "Germany"]
[Date "2011.03.20"]
[Round "8.4"]
[White "Biegler, Helmut"]
[Black "Paci, Cedric"]
[Result "0-1"]
[WhiteElo "2081"]
[BlackElo "2296"]
[PlyCount "46"]
[EventDate "2010.10.10"]
[EventType "team-tourn"]
[EventRounds "9"]
[EventCountry "GER"]
[SourceTitle "EXT 2012"]
[Source "ChessBase"]
[SourceDate "2011.11.24"]
[SourceVersion "1"]
[SourceVersionDate "2011.11.24"]
[SourceQuality "1"]
[WhiteTeam "Illingen"]
[BlackTeam "Saarbruecken SVG"]
[WhiteTeamCountry "GER"]
[BlackTeamCountry "GER"]

1. g3 f5 2. Bg2 Nf6 3. d3 d6 4. e4 Nc6 5. c3 g6 6. f4 Bg7 7. Ne2 0-0 8. 0-0 Kh8 9. Kh1 e5 10. Be3 Be6 11. Nd2 Qd7 12. Qc2 Rae8 13. Rae1 fxe4 14. dxe4 Bh3 15. f5 Bxg2+ 16. Kxg2 Ng4 17. Bg1 gxf5 18. exf5 Nh6 19. f6 Bxf6 20. h3 d5 21. Bc5 Rf7 22. Rd1 Bg7 23. Ne4 Rxf1 0-1

[Event "Oberliga Sued W 1011"]
[Site "Germany"]
[Date "2010.10.10"]
[Round "1.4"]
[White "Paci, Cedric"]
[Black "Hell, Manfred"]
[Result "0-1"]
[WhiteElo "2296"]
[BlackElo "2007"]
[PlyCount "96"]
[EventDate "2010.10.10"]
[EventType "team-tourn"]
[EventRounds "9"]
[EventCountry "GER"]
[SourceTitle "EXT 2012"]
[Source "ChessBase"]
[SourceDate "2011.11.24"]
[SourceVersion "1"]
[SourceVersionDate "2011.11.24"]
[SourceQuality "1"]
[WhiteTeam "Saarbruecken SVG"]
[BlackTeam "Winterbach Turm"]
[WhiteTeamCountry "GER"]
[BlackTeamCountry "GER"]

1. Nf3 Nf6 2. c4 g6 3. g3 Bg7 4. Bg2 0-0 5. 0-0 d6 6. d4 Nbd7 7. Nc3 e5 8. e4 a6 9. h3 b5 10. cxb5 axb5 11. b4 c5 12. bxc5 b4 13. Nd5 Nxd5 14. exd5 dxc5 15. dxc5 e4 16. Nd4 Nxc5 17. Nc6 Qd7 18. Be3 Na4 19. Nxb4 Nc3 20. Qd2 Qb5 21. Nc6 Re8 22. Nd4 Qd3 23. Qxd3 exd3 24. Kh2 Ne2 25. Nb5 Bxa1 26. Nc7 Rxa2 27. Nxe8 Be5 28. Bb6 Rc2 29. d6 Bd7 30. Nc7 Bxd6 31. Nd5 Kg7 32. Rd1 Bb5 33. Kh1 Rc1 34. Bd4+ Kf8 35. Rxc1 Nxc1 36. Nc3 Bc4 37. Bf3 Bb4 38. Kg2 Ne2 39. Bd5 Bxc3 40. Bc5+ Kg8 41. Bxc4 Nc1 42. Bb5 d2 43. Ba4 Nd3 44. Ba3 Bb2 45. Be7 Bc3 46. Ba3 Bd4 47. f4 Nf2 48. Bb2 Bb6 0-1

[Event "Zhovkva Royal Residence Cup 1st"]
[Site "Zhovkva"]
[Date "2010.06.11"]
[Round "4"]
[White "Paci, Cedric"]
[Black "Vetoshko, Volodymyr"]
[Result "1/2-1/2"]
[WhiteElo "2352"]
[BlackElo "2206"]
[PlyCount "36"]
[EventDate "2010.06.08"]
[EventType "tourn"]
[EventRounds "9"]
[EventCountry "UKR"]
[EventCategory "3"]
[SourceTitle "CBM 136 Extra"]
[Source "ChessBase"]
[SourceDate "2010.07.02"]
[SourceVersion "2"]
[SourceVersionDate "2010.07.15"]
[SourceQuality "1"]

1. d4 d5 2. Nf3 Nf6 3. c4 e6 4. Nc3 Nbd7 5. Bg5 Be7 6. e3 0-0 7. Rc1 b6 8. cxd5 exd5 9. Bb5 Bb7 10. 0-0 c6 11. Ba4 Rc8 12. Qe2 Ne4 13. Bf4 f5 14. Bb3 Kh8 15. Rfd1 Bf6 16. h3 Re8 17. Bh2 g6 18. a4 a5 1/2-1/2

[Event "Zhovkva Royal Residence Cup 1st"]
[Site "Zhovkva"]
[Date "2010.06.10"]
[Round "3"]
[White "Chulivska, Vita"]
[Black "Paci, Cedric"]
[Result "0-1"]
[WhiteElo "2265"]
[BlackElo "2352"]
[PlyCount "36"]
[EventDate "2010.06.08"]
[EventType "tourn"]
[EventRounds "9"]
[EventCountry "UKR"]
[EventCategory "3"]
[SourceTitle "CBM 136 Extra"]
[Source "ChessBase"]
[SourceDate "2010.07.02"]
[SourceVersion "2"]
[SourceVersionDate "2010.07.15"]
[SourceQuality "1"]

1. e4 e6 2. d4 d5 3. Nc3 Nf6 4. e5 Nfd7 5. f4 c5 6. Nf3 Nc6 7. Be3 Be7 8. Qd2 0-0 9. 0-0-0 c4 10. g4 Qa5 11. f5 b5 12. Kb1 b4 13. Ne2 c3 14. bxc3 bxc3 15. Qxc3 Rb8+ 16. Ka1 Bb4 17. Qd3 Ba6 18. c4 Bxc4 0-1

[Event "FRA-chT Top 16 Gp Haute"]
[Site "Guingamp"]
[Date "2010.06.05"]
[Round "10.3"]
[White "Paci, Cedric"]
[Black "Georgiev, Vladimir"]
[Result "0-1"]
[WhiteElo "2352"]
[BlackElo "2566"]
[PlyCount "94"]
[EventDate "2010.06.03"]
[EventType "team-tourn"]
[EventRounds "11"]
[EventCountry "FRA"]
[SourceTitle "EXT 2011"]
[Source "ChessBase"]
[SourceDate "2010.11.26"]
[SourceVersion "1"]
[SourceVersionDate "2010.11.26"]
[SourceQuality "1"]
[WhiteTeam "Vandoeuvre"]
[BlackTeam "Mulhouse Philidor"]
[WhiteTeamCountry "FRA"]
[BlackTeamCountry "FRA"]

1. Nf3 Nf6 2. c4 d6 3. d4 g6 4. g3 Bg7 5. Bg2 0-0 6. 0-0 c6 7. Nc3 Qa5 8. h3 Be6 9. Nd2 Qa6 10. d5 cxd5 11. cxd5 Bd7 12. a4 Rc8 13. Nb3 Qb6 14. e4 Na6 15. Be3 Qb4 16. Re1 Ne8 17. Bd2 Nc5 18. Ra3 Nd3 19. Nb5 Qc4 20. Bf1 Nxb2 21. Qf3 Bxb5 22. Bxc4 Nxc4 23. Ra2 Ne5 24. Qd1 Bd7 25. Kg2 Nd3 26. Re2 Nb2 27. Rxb2 Bxb2 28. Bg5 Bg7 29. Bxe7 Bxa4 30. Qb1 h6 31. f4 Rc3 32. Nd2 Rc7 33. Bh4 Bc2 34. Qb5 a5 35. g4 a4 36. Nb1 Bxb1 37. Qxb1 a3 38. e5 b5 39. Bg3 b4 40. exd6 Nxd6 41. f5 Rca7 42. Be5 a2 43. Qa1 Bxe5 44. Rxe5 b3 45. Re3 Rb7 46. fxg6 b2 47. gxf7+ Nxf7 0-1

[Event "FRA-chT Top 16 Gp Haute"]
[Site "Guingamp"]
[Date "2010.06.04"]
[Round "9.3"]
[White "Svetushkin, Dmitry"]
[Black "Paci, Cedric"]
[Result "1-0"]
[WhiteElo "2547"]
[BlackElo "2352"]
[PlyCount "45"]
[EventDate "2010.06.03"]
[EventType "team-tourn"]
[EventRounds "11"]
[EventCountry "FRA"]
[SourceTitle "EXT 2011"]
[Source "ChessBase"]
[SourceDate "2010.11.26"]
[SourceVersion "1"]
[SourceVersionDate "2010.11.26"]
[SourceQuality "1"]
[WhiteTeam "Metz Fischer"]
[BlackTeam "Vandoeuvre"]
[WhiteTeamCountry "FRA"]
[BlackTeamCountry "FRA"]

1. d4 d6 2. e4 Nf6 3. f3 d5 4. e5 Ng8 5. c4 e6 6. Nc3 dxc4 7. Bxc4 c5 8. Nge2 Nc6 9. Be3 cxd4 10. Nxd4 Nxe5 11. Bb5+ Bd7 12. Qb3 Nf6 13. 0-0-0 Bc5 14. Kb1 Qe7 15. Bg5 0-0-0 16. Bf4 Ng6 17. Bg3 e5 18. Bxd7+ Qxd7 19. Qc4 exd4 20. Qxc5+ Qc6 21. Qxa7 Nd5 22. Nxd5 Qxd5 23. Rxd4 1-0

[Event "FRA-chT Top 16 GpA"]
[Site "France"]
[Date "2010.05.01"]
[Round "6"]
[White "Paci, Cedric"]
[Black "Dorfman, Josif D"]
[Result "0-1"]
[WhiteElo "2345"]
[BlackElo "2587"]
[PlyCount "62"]
[EventDate "2010.03.26"]
[EventType "team-tourn"]
[EventRounds "7"]
[EventCountry "FRA"]
[SourceTitle "CBM 135 Extra"]
[Source "ChessBase"]
[SourceDate "2010.05.04"]
[SourceVersion "1"]
[SourceVersionDate "2010.05.04"]
[SourceQuality "1"]

1. e4 c5 2. c3 d5 3. exd5 Qxd5 4. d4 Nf6 5. Nf3 g6 6. Na3 Bg7 7. Bc4 Qe4+ 8. Be3 0-0 9. dxc5 Ng4 10. Bd5 Nxe3 11. Bxe4 Nxd1 12. Rxd1 Na6 13. c6 bxc6 14. Nd4 Rb8 15. Nb3 Be6 16. 0-0 Rfc8 17. Rd2 Bh6 18. Rd4 c5 19. Ra4 c4 20. Rxa6 cxb3 21. axb3 Rxb3 22. Rxa7 Rxb2 23. c4 Bf4 24. Bd5 Bxd5 25. cxd5 Bd6 26. Ra4 Bb4 27. g3 Kg7 28. Kg2 Rc3 29. Rb1 Rxb1 30. Nxb1 Rb3 31. Ra1 Kf6 0-1

[Event "FRA-chT Top 16 GpA"]
[Site "France"]
[Date "2010.03.26"]
[Round "1"]
[White "Giffard, Nicolas"]
[Black "Paci, Cedric"]
[Result "0-1"]
[WhiteElo "2361"]
[BlackElo "2345"]
[PlyCount "130"]
[EventDate "2010.03.26"]
[EventType "team-tourn"]
[EventRounds "7"]
[EventCountry "FRA"]
[SourceTitle "CBM 135 Extra"]
[Source "ChessBase"]
[SourceDate "2010.05.04"]
[SourceVersion "1"]
[SourceVersionDate "2010.05.04"]
[SourceQuality "1"]

1. d4 e6 2. Nf3 f5 3. h3 Nf6 4. g4 Bb4+ 5. c3 Be7 6. gxf5 exf5 7. Qb3 d5 8. Rg1 0-0 9. Bh6 Nh5 10. Nbd2 Kh8 11. Bg5 Nc6 12. Bxe7 Qxe7 13. 0-0-0 Nf6 14. Ne1 a5 15. Nd3 a4 16. Qc2 Ne4 17. e3 b6 18. f3 Nd6 19. Re1 Ba6 20. Nf4 Bxf1 21. Nxf1 Qf7 22. Re2 b5 23. Reg2 Ne8 24. a3 Ra6 25. Nd3 Qe7 26. Nc5 Rb6 27. Rg5 f4 28. e4 dxe4 29. Qxe4 Qxe4 30. Nxe4 Ne7 31. Nfd2 Rg6 32. Re1 Rxg5 33. Nxg5 Nd5 34. Ne6 Rg8 35. Nd8 h6 36. Re5 Nef6 37. Nc6 Re8 38. Na7 Rb8 39. Ne4 Nxe4 40. Rxe4 Rb7 41. Re5 Ne3 42. Nxb5 Ng2 43. c4 Nh4 44. d5 Nxf3 45. Re7 Rb6 46. Rxc7 Ne5 47. d6 f3 48. d7 Nxd7 49. Rxd7 f2 50. Rd1 Rg6 51. Kc2 Rg1 52. Rd8+ Kh7 53. Rf8 f1Q 54. Rxf1 Rxf1 55. Nc3 Rf2+ 56. Kb1 Rf4 57. Nxa4 Rxc4 58. b3 Rh4 59. b4 Rxh3 60. Kb2 h5 61. b5 Rf3 62. Nc3 h4 63. b6 Rf6 64. Nd5 Rxb6+ 65. Nxb6 h3 0-1

[Event "BL2-Sued 0910"]
[Site "Germany"]
[Date "2010.02.28"]
[Round "7.3"]
[White "Lorscheid, Gerhard"]
[Black "Paci, Cedric"]
[Result "1/2-1/2"]
[WhiteElo "2355"]
[BlackElo "2351"]
[PlyCount "112"]
[EventDate "2009.10.18"]
[EventType "team-tourn"]
[EventRounds "9"]
[EventCountry "GER"]
[SourceTitle "EXT 2011"]
[Source "ChessBase"]
[SourceDate "2010.11.26"]
[SourceVersion "1"]
[SourceVersionDate "2010.11.26"]
[SourceQuality "1"]
[WhiteTeam "Stuttgart"]
[BlackTeam "Saarbruecken"]
[WhiteTeamCountry "GER"]
[BlackTeamCountry "GER"]

1. d4 e6 2. c4 f5 3. g3 Nf6 4. Bg2 Be7 5. Nf3 0-0 6. 0-0 d6 7. Nc3 Qe8 8. b3 a5 9. Bb2 Na6 10. a3 c6 11. b4 Bd7 12. Qb3 Rb8 13. Rfe1 b5 14. cxb5 cxb5 15. d5 e5 16. Nxe5 dxe5 17. d6+ Kh8 18. dxe7 Qxe7 19. bxa5 Be6 20. Qd1 Rfd8 21. Qc1 Nc5 22. Qg5 h6 23. Qh4 Rd4 24. f4 Qa7 25. e3 Nd3 26. Re2 Nxb2 27. Rxb2 Rd3 28. Nd1 Rbd8 29. Bf3 e4 30. Be2 Rd2 31. Rxd2 Rxd2 32. Kf2 Qxa5 33. g4 Rxe2+ 34. Kxe2 Bc4+ 35. Kf2 Qd2+ 36. Kg1 Nxg4 37. Qg3 Qe2 38. Nf2 Nxe3 39. Nxe4 Nf1 40. Qf2 Qxe4 41. Rxf1 Bxf1 42. Kxf1 Qh1+ 43. Ke2 Qc1 44. Qg3 Kh7 45. h4 Qc2+ 46. Ke1 Qe4+ 47. Kd2 Qd5+ 48. Kc3 Kg8 49. Kb4 Qc4+ 50. Ka5 Qa4+ 51. Kb6 b4 52. Qe3 bxa3 53. Qe6+ Kf8 54. Qxf5+ Ke7 55. Qe5+ Kf7 56. Qf5+ Ke7 1/2-1/2

[Event "FRA-chT2 0910"]
[Site "France"]
[Date "2009.12.12"]
[Round "5.1"]
[White "Paci, Cedric"]
[Black "Rodrigues, Emmanuel"]
[Result "1/2-1/2"]
[WhiteElo "2351"]
[BlackElo "2150"]
[PlyCount "79"]
[EventDate "2009.09.27"]
[EventType "team-tourn"]
[EventRounds "11"]
[EventCountry "FRA"]
[SourceTitle "EXT 2011"]
[Source "ChessBase"]
[SourceDate "2010.11.26"]
[SourceVersion "1"]
[SourceVersionDate "2010.11.26"]
[SourceQuality "1"]

1. Nf3 Nc6 2. d4 d5 3. c4 Bg4 4. Nc3 Bxf3 5. exf3 e6 6. cxd5 exd5 7. Bb5 a6 8. Ba4 Bb4 9. 0-0 Nge7 10. Bg5 f6 11. Bf4 0-0 12. Qd3 Bd6 13. Bd2 Qe8 14. Bb3 Kh8 15. Rae1 Qh5 16. h3 Rad8 17. Re6 Nf5 18. Ne2 Nce7 19. Bc2 Qh4 20. f4 g6 21. g4 Ng7 22. Re3 f5 23. g5 Rde8 24. Re1 Nc6 25. Bb3 Nh5 26. Re5 Nxe5 27. dxe5 Bc5 28. Qf3 c6 29. Bc3 Ng7 30. e6 Rxe6 31. Bxg7+ Kxg7 32. Qc3+ Kg8 33. Qxc5 Rfe8 34. Bxd5 cxd5 35. Qxd5 Kf8 36. Qc5+ Kf7 37. Qd5 Kf8 38. Qc5+ R8e7 39. Qc8+ Re8 40. Qc5+ 1/2-1/2

[Event "Pardubice Czech op-A"]
[Site "Pardubice"]
[Date "2009.07.29"]
[Round "6"]
[White "Paci, Cedric"]
[Black "Folk, Petr"]
[Result "1-0"]
[WhiteElo "2325"]
[BlackElo "2210"]
[PlyCount "83"]
[EventDate "2009.07.24"]
[EventType "swiss"]
[EventRounds "9"]
[EventCountry "CZE"]
[SourceTitle "CBM 131 Extra"]
[Source "ChessBase"]
[SourceDate "2009.09.03"]
[SourceVersion "2"]
[SourceVersionDate "2009.09.16"]
[SourceQuality "1"]

1. e4 c5 2. Nf3 e6 3. Nc3 Nc6 4. d4 cxd4 5. Nxd4 Qc7 6. Be2 a6 7. 0-0 Nf6 8. Kh1 Nxd4 9. Qxd4 Bc5 10. Qd3 b5 11. f4 Bb7 12. Bf3 0-0 13. e5 Ne8 14. Bxb7 Qxb7 15. Ne4 Be7 16. Be3 Qc6 17. a4 bxa4 18. c4 d6 19. exd6 Nxd6 20. Nxd6 Bxd6 21. c5 Be7 22. Qc4 Rfb8 23. Bd4 Bf6 24. Rxa4 Bxd4 25. Qxd4 Rxb2 26. Qxb2 Qxa4 27. Qb7 Qe8 28. c6 g6 29. c7 Kg7 30. Rd1 Rc8 31. h3 e5 32. fxe5 Qa4 33. Rd5 Qa1+ 34. Kh2 Qc1 35. Rd7 Qf4+ 36. Kg1 Qc1+ 37. Kf2 Qf4+ 38. Qf3 Qc4 39. Qf6+ Kh6 40. Rxf7 Qd4+ 41. Kg3 a5 42. Qe7 1-0